000 00661nam a2200241Ia 4500
999 _c45192
_d45192
001 12015
003 GE_BSU
005 20221121112546.0
008 181216sen xx |||||||||||||| ||eng||
020 _a9780521606714x
040 _cGE_BSU
041 _aeng
080 _a811.111 B-17
100 _aBaker,Ann
_915954
245 _aShip or Sheep? An intermediate pronunciation course /
_cAnn Baker.
250 _aThird Edition
264 _aCambridge :
_bCambridge University Press,
_c2006.
300 _a225 p.:
_bill.
_c24 cm.
520 _aInternational Organizacion
653 _agrammar
653 _aგრამატიკა
942 _cBK
_2udc